Rozpočty nákladov v podniku diplomová práca

Gespeichert in:
Bibliographische Detailangaben
1. Verfasser: Horňáková, Katarína
Körperschaft: Podnikovohospodárska fakulta EU so sídlom v Košiciach. Katedra účtovníctva a financií
Weitere Verfasser: Neufeld, Juraj, 1946-
Format: Buch
Sprache:Slowakisch
Veröffentlicht: Košice 2009
Tags: Tag hinzufügen
Keine Tags, Fügen Sie das erste Tag hinzu!

MARC

LEADER 00000nam$a2200000$$$4500
001 0098674
005 20240320075415.6
041 0 |a slo 
044 |a SK 
245 1 0 |a Rozpočty nákladov v podniku  |b diplomová práca  |c Katarína Horňáková ; škol. Juraj Neufeld 
264 1 |a Košice  |c 2009 
300 |a 63 s. 
100 1 |a Horňáková, Katarína 
700 1 |a Neufeld, Juraj, 1946- 
710 2 |a Podnikovohospodárska fakulta EU so sídlom v Košiciach. Katedra účtovníctva a financií